| 000 | 00822nam a2200217 i 4500 | ||
|---|---|---|---|
| 001 | 21739 | ||
| 003 | ES-MaACL | ||
| 005 | 20251120142243.0 | ||
| 007 | t| | ||
| 008 | 021127s1920 sp ||||1| spa d | ||
| 100 | 1 |
_aAlcázar Molina, Cayetano, _d1897-1958 _919539 |
|
| 245 | 1 | 0 |
_aHistoria del correo en América _b: (notas y documentos para su estudio) / _cCayetano Alcazar Molina ; prólogo de José Ortega Munilla. |
| 260 |
_aMadrid : _b[s.n.], _c1920 ( _fSuc. de Rivadeneyra) |
||
| 300 |
_a347 p. ; _c27 cm. |
||
| 490 | 1 |
_aBiblioteca de historia hispano-americana ; _v14 |
|
| 650 | 7 |
_aCorreos- _zAmérica _2 _9163381 |
|
| 700 | 1 |
_aOrtega Munilla, José, _d1856-1922 _987477 |
|
| 830 | 0 |
_aBiblioteca de historia hispano-americana ; _v14 _9228965 |
|
| 852 |
_aES-MaACL _jC-1661 |
||
| 999 |
_c21739 _d21739 |
||